| LEADER |
01633nam0a2200205 450 |
| 001 |
16840830 |
| 010 |
|
|
|a 978-2-35584-894-0
|b br.
|d 23
|
| 100 |
|
|
|a 20220509d2022 u u0frey01 ba
|
| 101 |
1 |
|
|a fre
|c
|
| 102 |
|
|
|a FR
|
| 200 |
0 |
|
|a Sans un bruit
|f Paul Cleave
|g traduit de l'anglais par (Nouvelle-Zélande) Fabrice Pointeau
|
| 207 |
|
1 |
|a
|
| 210 |
|
|
|a Paris
|c Sonatine
|d 2022
|
| 215 |
|
|
|a 1 vol. (496 p.)
|d 22 x 14 cm
|
| 330 |
|
|
|a Auteurs de thrillers écrits à quatre mains, Cameron et Lisa Murdoch jouissent d'une confortable notoriété à Christchurch, où ils mènent une existence paisible et heureuse. Certes Zach, leur fils de sept ans, peut être difficile à vivre, mais Cameron et Lisa font face, s'arment de patience. Jusqu'au jour où Zach disparaît en pleine nuit. Fugue ? Enlèvement ? Les Murdoch sont bouleversés, prêts à tout pour retrouver leur fils. Mais lorsque les médias s'emparent de l'affaire, une vidéo fait surface : Cameron, visiblement excédé par une crise de Zach, emportant son fils sous son bras pour le jeter dans la voiture. Et le doute, lentement, s'insinue dans les esprits : après tout, qui mieux qu'un auteur de romans policiers peut commettre le crime parfait ? Dans la lignée directe de Ne fais confiance à personne et Cauchemar, Paul Cleave signe un nouveau thriller oppressant et paranoïaque, impossible à lâcher.
|
| 700 |
|
0 |
|a Cleave
|b Paul
|c Auteur du texte
|f 1974-....
|4 70
|
| 702 |
|
0 |
|a Pointeau
|b Fabrice
|c Traducteur
|4 730
|
| 900 |
|
|
|a Roman Policier
|
| 901 |
|
|
|a Accessible au prêt
|
| 995 |
|
|
|a Bibliothèque
|c Bibliothèque
|f 024023109
|h 024023109
|k RP CLE
|o p
|q a
|r az
|e Bibliothèque
|